000 00729nam a22002051a 4500
005 20110718133204.0
008 091005s1960 001 0 eng d
020 _a9783481037 :
_c0.00
040 _aNEGST Library - Kenya
050 4 _aBS 325.Y67 1960
082 0 _aBS 325.Y67 1960
100 1 _aBible Society of Nigeria.
245 1 0 _aBibeli Mimo : tabi majemu Lailai ati Tit.
260 _aLagos :
_bBible Society of Nigeria,
_c1960.
300 _a1072 p.
500 _a"The Holy Bible in Yoruba; O.T. reprinted from the edition of 1900; N.T. corrected 1959." - T.p. verso. [Africana}
600 1 0 _aBible. Yoruba. 1960.
600 1 0 _aYoruba language - Texts.
852 _94.00
999 _c40172
_d40172